Electoral system, coalitional disintegration, and the future of Chile's concentación /

Gespeichert in:
Bibliographische Detailangaben
1. Verfasser: Siavelis, Peter M.
Format: Text
Schlagworte:
Tags: Tag hinzufügen
Keine Tags, Fügen Sie den ersten Tag hinzu!

MARC

LEADER 00000 a a2200000 04500
001 9270
003
040
100 |a Siavelis, Peter M.  
245 |a Electoral system, coalitional disintegration, and the future of Chile's concentación /  |c Peter M Siavelis  
650 |a SISTEMAS ELECTORALES  
650 |a PARTIDOS POLITICOS  
650 |a MILITARISMO  
650 |a DESARROLLO POLITICO  
650 |a PROYECCIONES  
650 |a IDEOLOGIAS POLITICAS  
650 |a CHILE  
650 |a ELECCIONES  
650 |a PROYECCION  
773 |g volumen 40, número 1; páginas 56-82  
999 |c 30837  |d 30837